[Event "Moscow GM1"]
[Site "Moscow"]
[Date "1996.??.??"]
[Round "?"]
[White "Belikov, Vladimir"]
[Black "Guliev, Logman"]
[Result "0-1"]
[WhiteElo "2500"]
[BlackElo "2350"]

1.e4 c5 2.Nf3 d6 3.Bb5+ Nd7 4.O-O Nf6 5.Re1 a6 6.Bf1 Ne5 7.c3 Bg4 8.d4 Nxf3+
9.gxf3 Bh5 10.dxc5 dxc5 11.Qxd8+ Rxd8 12.f4 e6 13.Nd2 Be7 14.Bg2 O-O 15.Nf1 Rd7
16.Ng3 g6 17.e5 Ng4 18.f5 Nxe5 19.Bh6 Nd3 20.Re3 Rfd8 21.fxe6 fxe6 22.Bh3 Rd6
23.Bxe6+ Kh8 24.Nxh5 gxh5 25.Rf1 Bf6 26.f4 Nxb2 27.f5 Nd1 28.Rh3 Nxc3 29.Rxh5 Ne2+
30.Kg2 Nd4 31.Bf7 b5 32.Re1 c4 33.Bf4 R6d7 34.Be8 Rg7+ 35.Kh3 Nf3 36.Rf1 Ng1+
37.Rxg1 Rxg1 38.Bg6 Rd7 39.Rh6 c3 40.Be8 Rd3+ 41.Bg3 Rdxg3+ 42.hxg3 Rh1+  0-1

[Event "Moscow GM4"]
[Site "Moscow"]
[Date "1996.??.??"]
[Round "?"]
[White "Novichkov, Vadim"]
[Black "Vorobiov, Evgeny E"]
[Result "1-0"]
[WhiteElo "2380"]
[BlackElo "2320"]

1.e4 c5 2.Nf3 d6 3.Bb5+ Nd7 4.c3 Nf6 5.Qe2 e6 6.O-O a6 7.Ba4 b5 8.Bc2 Bb7
9.d4 Rc8 10.Rd1 Qc7 11.Bd3 Be7 12.Nbd2 O-O 13.Nf1 Rfe8 14.Ng3 Bf8 15.a4 c4
16.Bc2 e5 17.d5 g6 18.h3 Nc5 19.axb5 axb5 20.Nh2 Ra8 21.Rxa8 Rxa8 22.Ng4 Nxg4
23.hxg4 Ra2 24.Nf1 Ba6 25.Qf3 b4 26.cxb4 Nd3 27.Bb1 Nxc1 28.Bxa2 Nxa2 29.Qa3 c3
30.Qxa2 c2 31.Rc1 Bxf1 32.Qb3 Bb5 33.Qxc2 Qe7 34.Ra1 Qb7 35.Rc1 Qe7 36.Qc8 Bd7
37.Qc7 Qg5 38.Rc3 Bxg4 39.b5 Qd2 40.b6 Qe1+ 41.Kh2 Qxf2 42.Rg3 Bc8 43.Qxc8 Qxb6
44.Rf3 Qxb2 45.Qd7 f5 46.Qe6+ Kh8 47.Qf6+ Kg8 48.exf5  1-0

[Event "Moscow-A"]
[Site "Moscow"]
[Date "1996.??.??"]
[Round "?"]
[White "Belikov, Vladimir"]
[Black "Golubev, Mihail"]
[Result "1/2-1/2"]
[WhiteElo "2510"]
[BlackElo "2520"]

1.e4 c5 2.Nf3 d6 3.Bb5+ Bd7 4.Bxd7+ Qxd7 5.c4 Nc6 6.Nc3 Ne5 7.d4 cxd4 8.Qxd4 Nc6
9.Qd2 Nf6 10.O-O g6 11.b3 Bg7 12.Bb2 O-O 13.Rfe1 Ng4 14.Rad1 Rad8 15.h3 Nge5
16.Nh2 Nb4 17.Qe2 g5 18.Nd5 Nxd5 19.exd5 Rfe8 20.Bc1 Qf5 21.Be3 a6 22.Qd2 Bf6
23.Rf1 Kh8 24.f3 b5 25.cxb5 axb5 26.Ng4 Rc8 27.Rc1 Nxg4 28.hxg4 Qe5 29.a4 bxa4
30.bxa4 Rxc1 31.Rxc1 Rb8 32.Rc2 Qa1+ 33.Rc1 Qe5 34.Rc7 Qa1+ 35.Rc1 Qe5  1/2-1/2

[Event "Moscow-A"]
[Site "Moscow"]
[Date "1996.??.??"]
[Round "?"]
[White "Zaitsev, Igor A"]
[Black "Golubev, Mihail"]
[Result "1/2-1/2"]
[WhiteElo "2435"]
[BlackElo "2520"]

1.e4 c5 2.Nf3 d6 3.Bb5+ Bd7 4.Bxd7+ Nxd7 5.O-O Ngf6 6.Qe2 e6 7.c3 Rc8 8.d4 cxd4
9.cxd4 d5 10.e5 Ne4 11.Nbd2 Nxd2 12.Bxd2 Be7 13.Rfc1 O-O 14.Qb5 Nb6 15.Bb4 Bxb4
16.Qxb4 Qd7 17.b3 Rc6 18.Rc5 Rxc5 19.dxc5 Nc8 20.Qa4 Qxa4 21.bxa4 Rd8 22.Nd4 Rd7
23.Nb5 a6 24.Nd6 Rc7 25.Rb1 Rxc5 26.Nxb7 Rc7 27.Nd6 h6 28.f4 Nxd6 29.exd6 Rd7
30.Rb8+ Kh7 31.Rb6 a5 32.Kf2 f6 33.Ke3 e5 34.f5 Kg8  1/2-1/2

[Event "RUS-Cup2"]
[Site "Moscow"]
[Date "1996.??.??"]
[Round "2"]
[White "Komliakov, Viktor"]
[Black "Kunin, Vitaly L"]
[Result "1-0"]
[WhiteElo "2450"]
[BlackElo "2320"]

1.e4 c5 2.Nf3 d6 3.Bb5+ Bd7 4.Bxd7+ Qxd7 5.c4 Nc6 6.Nc3 g6 7.d4 cxd4 8.Nxd4 Bg7
9.Be3 Ne5 10.b3 Nf6 11.f3 Rc8 12.O-O O-O 13.Qd2 Rfd8 14.Nde2 b6 15.Rfd1 Qb7
16.Bg5 Rd7 17.Rac1 a6 18.Nd5 Nxd5 19.cxd5 Rxc1 20.Rxc1 Rc7 21.Be3 Nd7 22.Nd4 Nb8
23.Kf2 Qc8 24.Rxc7 Qxc7 25.Nc6 b5 26.Qc1 h5 27.Ke2 a5 28.Na7 Qd7 29.Qc8+ Qxc8
30.Nxc8 Kf8 31.Na7 a4 32.Nxb5 axb3 33.axb3 Ke8 34.Kd3 Kd7 35.Ba7 Na6 36.Kc4 Nc7
37.Nd4 e6 38.b4 exd5+ 39.exd5 Bxd4 40.Bxd4 Kc8 41.Bb6 Ne8 42.Bd4 Kb7 43.g4 f5
44.gxf5 gxf5 45.h3 Nc7 46.b5 Na8 47.Be3 Nc7 48.Bg5 Ne8 49.Be7 Kc7 50.Bh4 Kb7
51.Bd8 Kc8 52.Ba5 Nf6 53.Bb4 Ne8 54.Kd4 Kd7 55.Bc3 Kc8 56.Ba5 Nf6 57.Bb4 Kd7
58.b6 Ne8 59.Kc4 Nf6 60.Bc3 Ng8 61.Kb5 Ne7 62.b7 Kc7 63.Ka6 Kb8 64.Bb4  1-0

[Event "Moscow-ch"]
[Site "Moscow"]
[Date "1996.??.??"]
[Round "2"]
[White "Kritz, Leonid"]
[Black "Guliev, Logman"]
[Result "0-1"]
[WhiteElo "2155"]
[BlackElo "2360"]

1.e4 c5 2.Nf3 d6 3.Bb5+ Nd7 4.d4 cxd4 5.Nxd4 Nf6 6.Nc3 g6 7.f4 a6 8.Bxd7+ Bxd7
9.O-O Bg7 10.h3 O-O 11.Be3 b5 12.a3 Rc8 13.Qd3 Qc7 14.Rf2 e5 15.fxe5 dxe5
16.Nb3 Be6 17.Bg5 Nd7 18.Nd5 Bxd5 19.Qxd5 Nb6 20.Qd3 f6 21.Bh4 Rcd8 22.Qf1 g5
23.Bg3 Nc4 24.c3 Rd6 25.Re2 a5 26.Rae1 Rfd8 27.Qf2 a4 28.Nc1 Bf8 29.Kh2 Kg7
30.Rc2 Rd2 31.Re2 Bc5 32.Qf3 Rd1 33.Be1 Nxb2 34.Rxb2 Rxc1 35.Rxb5 Rdd1 36.Reb2 Bg1+
37.Kxg1 Rxe1+ 38.Kh2 Rh1+ 39.Kg3 Qxc3 40.Kg4 Qxf3+ 41.gxf3 Kg6 42.Kg3 Rc3
43.Ra5 Rf1 44.Rxa4 Rfxf3+ 45.Kg2 Rg3+ 46.Kf1 Rcf3+ 47.Ke1 Rxa3 48.Rxa3 Rxa3
49.Kf2 Rxh3 50.Kg2 Re3 51.Rb4 g4 52.Ra4 Kg5  0-1

[Event "RUS-Cup2"]
[Site "Moscow"]
[Date "1996.??.??"]
[Round "3"]
[White "Komliakov, Viktor"]
[Black "Shipov, Sergei"]
[Result "1/2-1/2"]
[WhiteElo "2450"]
[BlackElo "2535"]

1.e4 c5 2.Nf3 d6 3.Bb5+ Bd7 4.Bxd7+ Qxd7 5.c4 Nc6 6.Nc3 Nf6 7.O-O Ne5 8.Nxe5 dxe5
9.d3 e6 10.f4 Bd6 11.f5 O-O-O 12.fxe6 fxe6 13.Qe2 Be7 14.Rd1 Qe8 15.Be3 Qh5
16.Qxh5 Nxh5  1/2-1/2

[Event "Moscow Alekhine op"]
[Site "Moscow"]
[Date "1996.??.??"]
[Round "4"]
[White "Komliakov, Viktor"]
[Black "Krasnov, Sergey"]
[Result "1/2-1/2"]
[WhiteElo "2500"]
[BlackElo "2340"]

1.e4 c5 2.Nf3 d6 3.Bb5+ Nd7 4.O-O Nf6 5.Re1 e6 6.c3 a6 7.Bf1 Be7 8.d4 cxd4
9.cxd4 O-O 10.Nc3 e5 11.a4 Re8 12.d5 Nh5 13.Nd2 g6 14.Nc4 b6 15.Be3 Rb8 16.b4 Rf8
17.Rc1 Ng7 18.f4 f5 19.fxe5 Nxe5 20.Ne2 Ng4 21.Nd4 f4 22.Nc6 Qe8 23.Bd4 b5
24.Nxb8 bxc4 25.Nc6 Bh4 26.Rxc4 Nh5 27.Rc3 Ne3 28.Bxe3 fxe3 29.g3 Qf7 30.Rcxe3 Bxg3
31.hxg3 Qf2+ 32.Kh1 Nxg3+ 33.Rxg3 Qxg3 34.Ne7+ Kg7 35.Qd4+ Kf7 36.Qa7 Qh4+  1/2-1/2

[Event "RUS-Cup2"]
[Site "Moscow"]
[Date "1996.??.??"]
[Round "6"]
[White "Lebedev, Vasili"]
[Black "Odeev, Handszar"]
[Result "0-1"]
[WhiteElo "2205"]
[BlackElo "2410"]

1.e4 c5 2.Nf3 d6 3.Bb5+ Bd7 4.Bxd7+ Qxd7 5.c4 Nc6 6.O-O Nf6 7.Nc3 Nd4 8.d3 Nxf3+
9.Qxf3 g6 10.Be3 Bg7 11.d4 cxd4 12.Bxd4 O-O 13.Rfd1 Rfc8 14.c5 Rc6 15.b4 Qe6
16.cxd6 exd6 17.Qd3 Rc4 18.Bxf6 Bxf6 19.Nd5 Rac8 20.Nxf6+ Qxf6 21.Qxd6 Qxd6
22.Rxd6 Rxb4 23.Rd2 Rxe4 24.Rb1 Rec4 25.g3 Rc1+ 26.Rxc1 Rxc1+ 27.Kg2 Rc7  0-1

[Event "RUS-Cup2"]
[Site "Moscow"]
[Date "1996.??.??"]
[Round "6"]
[White "Tarasov, Igor"]
[Black "Dubinsky, Roman"]
[Result "1-0"]
[WhiteElo "2360"]
[BlackElo "2210"]

1.e4 c5 2.Nf3 d6 3.Bb5+ Nd7 4.c3 Nf6 5.Qe2 a6 6.Ba4 b5 7.Bc2 e5 8.O-O Be7
9.d4 O-O 10.Rd1 Qc7 11.a4 Rb8 12.axb5 axb5 13.d5 c4 14.Nbd2 Nc5 15.Nf1 Re8
16.Ng3 Bd7 17.Be3 b4 18.Bxc5 Qxc5 19.Ba4 g6 20.Bxd7 Nxd7 21.Ra4 Rec8 22.Nd2 Bd8
23.Ngf1 Rb5 24.Ne3 Nb6 25.Ra6 Bg5 26.Rda1 Rc7 27.g3 Bxe3 28.fxe3 Kg7 29.Kg2 Rb7
30.R1a2 bxc3 31.bxc3 Qc8 32.Rxb6 R5xb6 33.Nxc4 Qc5 34.Nxb6 Rxb6 35.Qf3 Qxc3
36.Rf2 Qc7 37.Qf6+ Kg8 38.h4 h5 39.Ra2 Rb8 40.Rf2 Rb4 41.Ra2 Rb8 42.Kh2 Qd7
43.Rf2 Rb7 44.Rg2 Rb3 45.Qg5 Kg7 46.Rf2 Rb7 47.Qf6+ Kg8 48.Ra2 Rb8 49.Rc2 Ra8
50.Rg2 Ra3 51.g4 Rxe3 52.Ra2 Qc8 53.Qxd6 Rxe4 54.Rb2 Qxg4 55.Rb8+ Kh7 56.Rh8+ Kg7
57.Qf8+ Kf6 58.Qd8+ Kf5 59.Qd7+ Kf4 60.Qxf7+ Ke3 61.Qa7+ Rd4 62.Rf8 Qxh4+
63.Kg2 Qg4+ 64.Kh2 Qe2+ 65.Kg1 Ke4 66.Rf1 Qg4+ 67.Kh1 Qh3+ 68.Kg1 Qe3+ 69.Kh1 Qh3+
70.Kg1 Qg4+ 71.Kh1 Qe2 72.Qf7 Rxd5 73.Qxg6+ Kd4 74.Qg1+ Kc3 75.Rc1+  1-0

[Event "Moscow Alekhine op"]
[Site "Moscow"]
[Date "1996.??.??"]
[Round "6"]
[White "Komliakov, Viktor"]
[Black "Mitenkov, Alexey"]
[Result "1/2-1/2"]
[WhiteElo "2500"]
[BlackElo "2445"]

1.e4 c5 2.Nf3 d6 3.Bb5+ Nd7 4.O-O Nf6 5.Re1 e5 6.c3 a6 7.Bf1 Be7 8.d4 O-O
9.a4 b6 10.dxe5 dxe5 11.c4 h6 12.Nc3 Qc7 13.a5 bxa5 14.Bd2 Rb8 15.Qc2 Nb6
16.h3 Bd7 17.b3 Bd6 18.Nh4 Rb7 19.Nf5 Bxf5 20.exf5 Rfb8 21.Bd3 a4 22.bxa4 Nbd7
23.Rab1 Rxb1 24.Rxb1 Rxb1+ 25.Qxb1 e4 26.Nxe4 Bh2+ 27.Kf1 Bf4 28.Nxf6+ Nxf6
29.Be1 Be5 30.Be2 Bd4 31.Bf3 Qe5 32.Qc2 Qc7 33.a5 Qb8 34.g3 Be5 35.Kg2 Bc7
36.Bc3 Be5 37.Bd2 Bc7 38.Bc3 Be5 39.Bxe5 Qxe5 40.Qb3 Qe1 41.Qb8+ Kh7 42.Qb7 Qxa5
43.Qxf7 Qa4 44.Qe6 a5 45.g4 Qd7 46.Qa6 Qd4 47.h4 Qf4 48.Qxa5 Nxg4 49.Qxc5 Nf6
50.Qc6 Qxh4 51.Qe6 Qg5+ 52.Kf1 Qc1+ 53.Ke2 Qc2+ 54.Ke3 Qc3+ 55.Kf4 Qc1+ 56.Kg3 Qg5+  1/2-1/2

[Event "Moscow Alekhine op"]
[Site "Moscow"]
[Date "1996.??.??"]
[Round "6"]
[White "Lebedev, Vasili"]
[Black "Novgorodskij, Vladimir"]
[Result "1/2-1/2"]
[WhiteElo "2215"]
[BlackElo "2325"]

1.e4 c5 2.Nf3 d6 3.Bb5+ Bd7 4.Bxd7+ Qxd7 5.c4 Nc6 6.O-O Nf6 7.Nc3 Nd4 8.d3 Nxf3+
9.Qxf3 g6 10.Be3 Bg7 11.d4 cxd4 12.Bxd4 O-O 13.Rfd1 Qc6 14.b3 Rfe8 15.Rac1 a6
16.Nd5 Nxd5 17.cxd5 Qd7 18.Bxg7 Kxg7 19.Qc3+ f6 20.Qc7 Qb5 21.Qc4 Qa5 22.Qc3 Qxa2
23.Rc2 Qa3 24.Ra1 Qc5 25.Qxc5 dxc5 26.Rxc5  1/2-1/2

[Event "Moscow-ch"]
[Site "Moscow"]
[Date "1996.??.??"]
[Round "8"]
[White "Bogumil, Pavel"]
[Black "Dubinsky, Roman"]
[Result "1/2-1/2"]
[WhiteElo "2395"]
[BlackElo "2210"]

1.e4 c5 2.Nf3 d6 3.Bb5+ Nd7 4.c3 Nf6 5.d3 a6 6.Ba4 b5 7.Bc2 e5 8.Nbd2 Be7
9.Nf1 Nb6 10.Ng3 Qc7 11.O-O O-O 12.Re1 Re8 13.h3 Bd7 14.d4 cxd4 15.cxd4 Rac8
16.Bd3 exd4 17.Nxd4 d5 18.e5 Bc5 19.Nf3 Nc4 20.Bxc4 bxc4 21.exf6 Qxg3 22.Be3 Bxe3
23.Rxe3 Qd6 24.Rxe8+ Rxe8 25.fxg7 Re4 26.Rc1 Qf4 27.Rc2 Qf5 28.Rd2 Be6 29.Kf1 Qf4
30.Kg1 Qf6 31.Rd4 Qg6 32.Kh2 Kxg7 33.Qd2 h6 34.Rxe4 Qxe4 35.Qc3+ Kg8 36.a3 Qf4+
37.Kg1 Bf5 38.Qd4 Be4 39.Nd2 Qg5 40.f3 Bd3 41.f4 Qg3 42.Qf2 Qxf2+ 43.Kxf2 d4
44.Nf3 c3 45.bxc3 dxc3 46.Ke3 Be4 47.Ne1 f5 48.g4 Kf7 49.Nd3 Kf6 50.h4 Kg6
51.g5 hxg5 52.hxg5 a5 53.Nc1 Kh5 54.Ne2 c2 55.Kd2 Kg4 56.Ke3 Bf3 57.Nc1 Be4
58.Kd4 Kh5 59.Kc5 a4 60.Kc4 Bf3 61.Kd3 Be4+ 62.Kd4 Kg6 63.Ke3 Kh5 64.Ne2 Kg4
65.Kd2  1/2-1/2

[Event "Moscow-ch"]
[Site "Moscow"]
[Date "1996.??.??"]
[Round "9"]
[White "Chudinovskih, Alexander"]
[Black "Bereslavsky, Mikhail"]
[Result "1-0"]
[WhiteElo "2290"]
[BlackElo "2185"]

1.e4 c5 2.Nf3 d6 3.Bb5+ Nd7 4.c3 Nf6 5.Qe2 e6 6.d4 cxd4 7.cxd4 a6 8.Bd3 Be7
9.Nc3 e5 10.O-O O-O 11.Rd1 Qc7 12.Bg5 b5 13.Rac1 Qb6 14.Nd5 Nxd5 15.exd5 Bxg5
16.Nxg5 h6 17.Rc6 Qa7 18.Nh7 Re8 19.Rxd6 e4 20.Bxe4 f5 21.Qh5 Rxe4 22.Rxh6 gxh6
23.Qg6+ Kh8 24.Qxh6 Kg8 25.Qg6+ Kh8 26.Ng5 Re7 27.Ne6 Bb7 28.Rd3 Rh7 29.Ng5 Rg7
30.Rh3+ Kg8 31.Qe6+ Kf8 32.Rh8+  1-0

[Event "Moscow-ch"]
[Site "Moscow"]
[Date "1996.??.??"]
[Round "11"]
[White "Kodinets, Konstantin L"]
[Black "Baikov, Vladimir A"]
[Result "1/2-1/2"]
[WhiteElo "2340"]
[BlackElo "2470"]

1.e4 c5 2.Nf3 d6 3.Bb5+ Bd7 4.Bxd7+ Qxd7 5.O-O Nc6 6.b3 Nf6 7.Re1 g6 8.Bb2 Bg7
9.c4 O-O 10.d4 cxd4 11.Nxd4 Nxd4 12.Bxd4 a6 13.a4 b5 14.cxb5 axb5 15.Nc3 bxa4
16.bxa4 Rfc8 17.e5 dxe5 18.Bxe5 e6 19.Qf3 Qc6 20.Ne4 Nxe4 21.Bxg7 Nxf2 22.Qxc6 Rxc6
23.Kxf2 Kxg7 24.Re5 Rc2+ 25.Kf3 Ra6 26.a5 h5 27.h4 f5 28.Rb5 Kf6 29.g3 Rc3+
30.Kf2 g5 31.hxg5+ Kxg5 32.Ra4 Rd3 33.Re5 Rb3 34.Rc5 Kf6 35.Kg2 Rb2+ 36.Kf3 e5
37.Rac4 Ra2 38.Rc6+ Rxc6 39.Rxc6+ Kg5 40.a6 e4+ 41.Ke3 Rg2 42.Kd4 Rxg3 43.Rc3 Rg1
44.Ra3 Rd1+ 45.Ke5 Rd8 46.Rg3+ Kh4 47.Kf4 Ra8 48.Ra3 Ra7 49.Ra1 Kh3 50.Kxf5  1/2-1/2

[Event "New York op"]
[Site "New York"]
[Date "1996.??.??"]
[Round "7"]
[White "Shliperman, Igor"]
[Black "Yermolinsky, Alex"]
[Result "0-1"]
[WhiteElo "2390"]
[BlackElo "2565"]

1.e4 c5 2.Nf3 d6 3.Bb5+ Nd7 4.d4 Nf6 5.O-O Nxe4 6.Qe2 Nf6 7.dxc5 e6 8.cxd6 Bxd6
9.Rd1 Qc7 10.Nc3 a6 11.Bg5 Be7 12.Bxf6 gxf6 13.Bxd7+ Bxd7 14.Nd4 Qe5 15.Qd3 O-O-O
16.Re1 Qc5 17.Qe4 Rhg8 18.Rad1 f5 19.Qf3 Bd6 20.Rd3 Bc7 21.Nce2 Qe5 22.Qh3 Rg4
23.Red1 Qf6 24.g3 h5 25.Qg2 e5 26.Nb3 Bc6 27.Rxd8+ Bxd8 28.Qf1 f4 29.Nc3 fxg3
30.hxg3 Bb6 31.Rd3 e4  0-1

[Event "JUG-chT"]
[Site "Niksic"]
[Date "1996.??.??"]
[Round "?"]
[White "Vujosevic, Vladimir"]
[Black "Dragojlovic, Andjelko"]
[Result "1/2-1/2"]
[WhiteElo "2400"]
[BlackElo "2365"]

1.e4 c5 2.Nf3 d6 3.Bb5+ Nd7 4.c3 Nf6 5.Qe2 a6 6.Ba4 e5 7.O-O Be7 8.d4 O-O
9.Rd1 Qc7 10.d5 h6 11.Nbd2 Nh7 12.Nf1 Nb6  1/2-1/2

[Event "JUG-ch op"]
[Site "Nis"]
[Date "1996.??.??"]
[Round "2"]
[White "Brajovic, Radovan"]
[Black "Lekic, Dusan"]
[Result "1/2-1/2"]
[WhiteElo "2390"]
[BlackElo "2420"]

1.e4 c5 2.Nf3 d6 3.Bb5+ Nc6 4.O-O Bd7 5.Re1 a6 6.Bf1 Nf6 7.c3 Bg4 8.h3 Bxf3
9.Qxf3 g6 10.Qd1 Bh6 11.Na3 e5 12.Nc2 O-O 13.d4 Bxc1 14.Rxc1 cxd4 15.cxd4 Qb6
16.d5 Ne7 17.Na3 Qd8 18.Qb3 b5 19.Nc2 Nd7 20.Nb4 Nc5 21.Qd1 Rc8 22.Nd3 Qb6
23.Nxc5 Rxc5 24.Rxc5 Qxc5 25.Qc1 Qb6 26.g4 Kg7 27.Re2 Rc8 28.Rc2 Rxc2 29.Qxc2 Qc5
30.Qd2 Nc8 31.b3 h6 32.Qa5 Qb6 33.Qc3 Qc5 34.Qa5 Qb6 35.Qc3 Qc5  1/2-1/2

[Event "JUG-ch op"]
[Site "Nis"]
[Date "1996.??.??"]
[Round "7"]
[White "Brajovic, Radovan"]
[Black "Ilincic, Zlatko"]
[Result "1/2-1/2"]
[WhiteElo "2390"]
[BlackElo "2555"]

1.e4 c5 2.Nf3 d6 3.Bb5+ Nd7 4.d4 a6 5.Bxd7+ Bxd7 6.dxc5 Qa5+ 7.Nc3 Qxc5 8.Be3 Qa5
9.Nd2 Rc8 10.Nd5 Rc6 11.a4 Qd8 12.a5 Nf6 13.Nb4 Rc7 14.Bb6 e6 15.Nd3 Qc8
16.Bxc7 Qxc7 17.O-O g6 18.Re1 h5 19.h3 e5 20.Nb1 Qc4 21.Nc3 Bc6 22.Qe2 h4
23.f4 Nh5 24.Qf2 exf4 25.Nxf4 Bg7 26.Rad1 Be5 27.Nxh5 Rxh5 28.Qe3 Qb4 29.Qb6 Bxc3
30.bxc3 Qxc3 31.Qc7 Qxa5 32.Qxd6 Qc5+ 33.Qd4 Qxd4+ 34.Rxd4 Re5 35.Kf2 Ke7
36.c4 g5 37.Re2 Ke6 38.g3 hxg3+ 39.Kxg3 f6 40.h4 gxh4+ 41.Kxh4 Rc5 42.Kg4 Ke5
43.Rd5+ Bxd5 44.exd5+ Kd6 45.Re6+ Kc7 46.Rxf6 Rxc4+ 47.Kf5 Rc1 48.Ke5 a5
49.Rf7+ Kb6 50.d6 a4 51.Rf8 Rd1 52.Ke6 a3 53.d7 a2 54.Ra8 Kc6 55.Rc8+ Kb5
56.Ra8 Re1+ 57.Kf7 Rd1 58.Ke7  1/2-1/2

[Event "JUG-ch op"]
[Site "Nis"]
[Date "1996.??.??"]
[Round "10"]
[White "Vujosevic, Vladimir"]
[Black "Arsovic, Goran"]
[Result "1/2-1/2"]
[WhiteElo "2400"]
[BlackElo "2350"]

1.e4 c5 2.Nf3 d6 3.Bb5+ Bd7 4.Bxd7+ Qxd7 5.c4 Nf6 6.Nc3 Nc6 7.d4 cxd4 8.Nxd4 e6
9.O-O Be7 10.Be3 O-O 11.f3 Rfd8 12.Rc1 b6 13.Qe2 a6 14.b3 Qb7 15.Rfd1 Rab8
16.a4 Nd7 17.Kh1 Nc5  1/2-1/2

[Event "NOR-ch"]
[Site "NOR"]
[Date "1996.??.??"]
[Round "4"]
[White "Moen, Ole Christian"]
[Black "Dannevig, Oystein"]
[Result "0-1"]
[WhiteElo "2270"]
[BlackElo "2300"]

1.e4 c5 2.Nf3 d6 3.Bb5+ Bd7 4.Bxd7+ Nxd7 5.O-O Ngf6 6.Re1 e6 7.c3 Be7 8.d4 cxd4
9.cxd4 d5 10.e5 Ne4 11.Nfd2 Nxd2 12.Nxd2 Nb8 13.Qg4 g6 14.Nf3 h5 15.Qf4 Nc6
16.Bd2 Qb6 17.Bc3 Rc8 18.Rad1 Qa6 19.a3 Qb6 20.Re3 Qb3 21.Red3 Qc2 22.h3 Nd8
23.Ne1 Qa4 24.R1d2 Rc7 25.Nf3 Kd7 26.Ng5 Kc8 27.Rf3 Kb8 28.Qe3 h4 29.Nxf7 Nxf7
30.Rxf7 Bg5 31.Qxg5 Rxf7 32.Qxg6 Qd7 33.Bb4 Rg7 34.Qf6 Rhg8 35.f3 Rf7 36.Qxh4 Rxf3
37.Bd6+ Ka8 38.Rc2 Qf7 39.Be7 Qf5 40.Bg5 Rf1+ 41.Kh2 Qf7 42.Bf6 Kb8 43.Qh6 a6
44.b4 Rd1 45.Qe3 Qg6 46.Qf2 Qd3 47.Be7 Rf1  0-1

[Event "North Bay op"]
[Site "North Bay"]
[Date "1996.??.??"]
[Round "?"]
[White "Sagalchik, Gennadij"]
[Black "Wojtkiewicz, Aleksander"]
[Result "1/2-1/2"]
[WhiteElo "2525"]
[BlackElo "2525"]

1.e4 c5 2.Nf3 d6 3.Bb5+ Bd7 4.Bxd7+ Qxd7 5.O-O Nf6 6.Re1 Nc6 7.c3 e6 8.d3 Be7
9.Nbd2 O-O 10.d4 cxd4 11.cxd4 Rac8 12.e5  1/2-1/2

[Event "Nova Gorica"]
[Site "Nova Gorica"]
[Date "1996.??.??"]
[Round "8"]
[White "Caposciutti, Maurizio"]
[Black "Stantic, Severino"]
[Result "1-0"]
[WhiteElo "2310"]
[BlackElo "2030"]

1.e4 c5 2.Nf3 d6 3.Bb5+ Bd7 4.Bxd7+ Nxd7 5.O-O Ngf6 6.Qe2 Ne5 7.Nxe5 dxe5
8.Qb5+ Nd7 9.Qxb7 e6 10.Nc3 a6 11.Qc6 Be7 12.Qa4 O-O 13.Qc4 Nb6 14.Qe2 Qc7
15.d3 Bd6 16.Be3 Rae8 17.b3 f5 18.f3 f4 19.Bf2 Rf6 20.g4 Be7 21.Kg2 Rh6 22.Qe1 Qd8
23.Rh1 Bh4 24.Ne2 Nd7 25.a4 Nf8 26.Bxh4 Rxh4 27.Qc3 Qe7 28.Raf1 Ng6 29.Kf2 Rh3
30.Ke1 Qh4+ 31.Kd2 Rxh2 32.Rxh2 Qxh2 33.Qxc5 Qh3 34.Qf2 Ne7 35.b4 Nc6 36.Rb1 Rc8
37.b5 axb5 38.axb5 Nd4 39.Nxd4 exd4 40.e5 h5 41.gxh5 Qxh5 42.Qe2 Rc5 43.b6 Rxe5
44.Qf2 Rb5 45.Rxb5 Qxb5 46.Qxd4 Qa5+ 47.Ke2 Qb5 48.Qd6  1-0

[Event "Oberwart op"]
[Site "Oberwart"]
[Date "1996.??.??"]
[Round "7"]
[White "Volkmann, Friedrich"]
[Black "Danner, Georg"]
[Result "1-0"]
[WhiteElo "2380"]
[BlackElo "2375"]

1.Nf3 d6 2.e4 c5 3.Bb5+ Bd7 4.Bxd7+ Nxd7 5.b3 Ngf6 6.Qe2 g6 7.Bb2 Bg7 8.O-O O-O
9.d4 cxd4 10.Bxd4 Qa5 11.Nbd2 Rfc8 12.c4 a6 13.e5 dxe5 14.Nxe5 Nxe5 15.Bxe5 b5
16.Rfd1 Rc6 17.h3 Re6 18.Qf3 Rd8 19.Bc3 Qb6 20.b4 Qc6 21.c5 Rd5 22.Nb3 Rxd1+
23.Rxd1 Qc8 24.Qd3 Ne8 25.Bxg7 Kxg7 26.Qd8 Qxd8 27.Rxd8 Nf6 28.Kf1 Re4 29.c6 Rc4
30.Nc5 Ne4 31.c7 Nd6 32.Rxd6 exd6 33.c8=Q dxc5 34.bxc5  1-0

[Event "RUS-Cup3"]
[Site "Omsk"]
[Date "1996.??.??"]
[Round "3"]
[White "Sadvakasov, Darmen"]
[Black "Vaulin, Alexander"]
[Result "0-1"]
[WhiteElo "2360"]
[BlackElo "2485"]

1.e4 c5 2.Nf3 d6 3.Bb5+ Bd7 4.Bxd7+ Nxd7 5.O-O Ngf6 6.Qe2 e6 7.b3 Be7 8.Bb2 O-O
9.c4 Qc7 10.d4 cxd4 11.Nxd4 Rfe8 12.Nc3 Bf8 13.Rac1 a6 14.Kh1 g6 15.f4 Bg7
16.Rcd1 e5 17.fxe5 Rxe5 18.Nf3 Ree8 19.Nd5 Nxd5 20.Rxd5 Nf6 21.Bxf6 Bxf6
22.Qd3 Rad8 23.Rd1 Kg7 24.h3 Qe7 25.c5 Qxe4 26.cxd6 Qxd3 27.R1xd3 Rd7 28.Kg1 Rc8
29.Nd2 Rc3 30.Rxc3 Bxc3 31.Ne4 Bb4 32.Rd4 a5 33.Rd5 f5 34.a3 Bxa3 35.Rxa5 fxe4
36.Rxa3 Rxd6 37.Kf2 Rd2+ 38.Kg3 Kf6 39.Ra4 Rd3+ 40.Kf2 e3+ 41.Kf3 Rxb3 42.Re4 h5
43.h4 b5 44.Re8 Rb4 45.Kg3 Rg4+ 46.Kh3 Rc4 47.Rxe3 Rc6 48.Kg3 b4 49.Kf2 Rc2+
50.Kf1 Rc4 51.g3 Rc3 52.Re4 Rxg3 53.Rxb4 Rg4 54.Rxg4 hxg4 55.Kf2 Ke5 56.Ke3 Kf5  0-1

[Event "RUS-Cup3"]
[Site "Omsk"]
[Date "1996.??.??"]
[Round "7"]
[White "Sadvakasov, Darmen"]
[Black "Ermekov, Almas"]
[Result "1/2-1/2"]
[WhiteElo "2360"]
[BlackElo "2135"]

1.e4 c5 2.Nf3 d6 3.Bb5+ Bd7 4.Bxd7+ Nxd7 5.O-O Ngf6 6.Qe2 Rc8 7.b3 g6 8.c3 Bg7
9.d4 e5 10.dxe5 dxe5 11.Rd1 Qc7 12.Bg5 O-O 13.Nbd2 Qc6 14.a4 Nh5 15.Nc4 h6
16.Rd6 Qc7 17.Rad1 Nb6 18.Nxb6 axb6 19.Rd7 Qb8 20.Be7 Rfe8 21.Bd6 Qa7 22.Qc4 Re6
23.Bxe5 Qa6 24.Qxa6 bxa6 25.Bxg7 Kxg7 26.Nd2 Nf6 27.Rd3 Nxe4 28.Nxe4 Rxe4
29.Rd6 Rce8 30.g3 R8e6 31.Kg2 Re2 32.Rxe6 Rxe6 33.Rd7 g5 34.g4 Kg6 35.Rd5 a5
36.Kg3 h5 37.gxh5+ Kxh5 38.h4 f6 39.hxg5 fxg5 40.Rd3 Kg6 41.f3 Kh5 42.c4 Kg6
43.Kg4 Rf6 44.Rd5 Rf4+ 45.Kg3 Rf5 46.Rd6+ Rf6 47.Rd8 Kf5 48.Rd5+ Kg6 49.Re5 Rf5
50.Re8 Rf6 51.Re5 Rf5 52.Re4 Rf6 53.Kf2 Kf5 54.Re8 Rd6 55.Rf8+ Ke5 56.Ke3 Rd1
57.Rb8 Rd6 58.Rh8 Kf5 59.Rf8+ Ke5 60.Rf7 Rd1 61.Rb7 Rd6 62.Rh7 Kf5 63.Rh8 Ke5
64.Rh5 Kf6 65.f4 gxf4+ 66.Kxf4 Rd4+ 67.Ke3 Rd6 68.Rh6+ Ke5 69.Rxd6 Kxd6 70.Kf4 Ke6
71.Ke4 Kd6 72.Kf5 Kd7  1/2-1/2

[Event "RUS-chT"]
[Site "Orel"]
[Date "1996.??.??"]
[Round "?"]
[White "Veresagin, Jurij"]
[Black "Akhmadeev, Vadim"]
[Result "1/2-1/2"]
[WhiteElo "2405"]
[BlackElo "2425"]

1.e4 c5 2.Nf3 d6 3.Bb5+ Bd7 4.Bxd7+ Qxd7 5.O-O Nc6 6.c4 Nf6 7.Nc3 e5 8.d3 Be7
9.Ne1 O-O 10.Nc2 Ne8 11.Ne3 Bg5 12.Qh5 Bxe3 13.Bxe3 Nf6 14.Qh4 Ne7 15.f4 Ng6
16.Qe1 exf4 17.Bxf4 Ng4 18.Qg3 N4e5  1/2-1/2

[Event "ESP-chTA"]
[Site "Oropesa del Mar"]
[Date "1996.??.??"]
[Round "2"]
[White "Garcia Luque, Agustin"]
[Black "San Segundo, Pablo"]
[Result "0-1"]
[WhiteElo "2350"]
[BlackElo "2505"]

1.e4 c5 2.Nf3 d6 3.Bb5+ Bd7 4.Bxd7+ Qxd7 5.O-O Nc6 6.c3 Nf6 7.Re1 e6 8.d4 cxd4
9.Nxd4 Be7 10.Bg5 O-O 11.Nd2 Rac8 12.N2f3 h6 13.Bh4 a6 14.Qe2 Nxd4 15.Nxd4 Qc7
16.Rad1 Rfe8 17.Nb3 Red8 18.Rd4 d5 19.exd5 Nxd5 20.Bxe7 Qxe7 21.Red1 Qc7
22.h3 b5 23.R1d3 Nf4 24.Rxd8+ Rxd8 25.Rxd8+ Qxd8 26.Qf3 e5 27.Nc5 Qd2 28.Qa8+ Kh7
29.Qe4+ g6 30.Qb1 f5 31.Qf1 e4 32.Nxa6 e3 33.fxe3 Ne2+ 34.Kf2 Nxc3+ 35.Kg3 Qd6+
36.Kf3 Ne4 37.Qxb5 Qg3+ 38.Ke2 Qf2+ 39.Kd3 Qf1+  0-1

[Event "Komercni Banka op"]
[Site "Pardubice"]
[Date "1996.??.??"]
[Round "1"]
[White "Talla, Vladimir"]
[Black "Babula, Vlastimil"]
[Result "1/2-1/2"]
[WhiteElo "2285"]
[BlackElo "2545"]

1.e4 c5 2.Nf3 d6 3.Bb5+ Nc6 4.O-O Bd7 5.Re1 Nf6 6.c3 a6 7.Bf1 Bg4 8.d3 e6
9.Nbd2 Be7 10.h3 Bh5 11.g4 Bg6 12.Nh4 Nd7 13.Nxg6 hxg6 14.f4 g5 15.f5 Bf6
16.Nf3 Nde5 17.Be3 Qe7 18.Qe2 Nxf3+ 19.Qxf3 Be5 20.Rad1 Qf6 21.Bg2 Qh6 22.Rf1 O-O
23.Qf2 Rac8 24.Rd2 Qf6 25.h4 Bf4 26.Bxf4 gxf4 27.g5 Qe5 28.Qxf4 Qxf4 29.Rxf4 Ne5
30.Bf1 Rfe8 31.Rdf2 Rc7 32.Kg2 b5 33.Kg3 b4 34.c4  1/2-1/2

[Event "Komercni Banka op"]
[Site "Pardubice"]
[Date "1996.??.??"]
[Round "2"]
[White "Kopmann, Rene"]
[Black "Buturin, Vladimir"]
[Result "1/2-1/2"]
[WhiteElo "2320"]
[BlackElo "2445"]

1.e4 c5 2.Nf3 d6 3.Bb5+ Nd7 4.a4 Nf6 5.Nc3 g6 6.O-O Bg7 7.Re1 O-O 8.d3 a6
9.Bc4 b6 10.h3 Bb7 11.Bf4 Nh5 12.Bh2 Ne5 13.Nxe5 Bxe5 14.Bxe5 dxe5 15.Qc1 e6
16.Qe3 Qd6 17.Reb1 Bc6 18.Qh6 Kh8 19.Re1 f5 20.Qe3 f4 21.Qf3 Ng7 22.Qg4 Bb7
23.Nb1 Qe7 24.h4 h6 25.Nd2 Kh7  1/2-1/2

[Event "Komercni Banka op"]
[Site "Pardubice"]
[Date "1996.??.??"]
[Round "3"]
[White "Raudive, Aivars"]
[Black "Jedlicka, Ales"]
[Result "0-1"]
[WhiteElo "2365"]
[BlackElo "2145"]

1.e4 c5 2.Nf3 d6 3.Bb5+ Bd7 4.Bxd7+ Nxd7 5.d4 cxd4 6.Qxd4 Ngf6 7.Nc3 g6 8.Bg5 Bg7
9.O-O O-O 10.Qd2 Nc5 11.Rfe1 Re8 12.Rad1 a6 13.Nd4 Rc8 14.Kh1 b5 15.f3 Qa5
16.a3 Na4 17.Nxa4 Qxa4 18.c3 Qc4 19.Nc2 a5 20.Ne3 Qc6 21.Nd5 Nxd5 22.exd5 Qb7
23.Re4 f5 24.Re6 b4 25.axb4 axb4 26.cxb4 Rc4 27.Qe2 Rxb4 28.Rxd6 Re4 29.Qa6 exd6  0-1